[Event "ICS rated blitz match"]
[Site "204.178.125.65"]
[Date "2000.03.19"]
[Round "?"]
[White "Tinker"]
[Black "Hossa"]
[Result "1-0"]
[WhiteElo "2470"]
[BlackElo "2472"]
[PlyCount "171"]

1. e4 c5 2. Nf3 e6 3. Nc3 a6 4. d3 Nc6 5. d4 cxd4 6. Nxd4 Nf6 7. Nxc6 bxc6 8.
e5 Nd5 9. Ne4 f5 10. Nd6+ Bxd6 11. exd6 Nf6 12. Qd4 O-O 13. Bc4 Ne4 14. O-O c5
15. Qd3 Kh8 16. f3 Nf6 17. Be3 Qb6 18. Qa3 Qb4 19. Bb3 Qxa3 20. bxa3 Bb7 21.
Bxc5 Rfc8 22. Bd4 Ne8 23. Be5 Bc6 24. Rab1 Kg8 25. c4 g5 26. Bd1 a5 27. Rf2 h5
28. c5 g4 29. fxg4 hxg4 30. Bc2 Kf7 31. Bd3 Kg6 32. Re1 Bd5 33. Bb5 Bc6 34.
Bxc6 Rxc6 35. Rc1 Rac8 36. Rfc2 Kg5 37. Rc4 Kg6 38. R1c2 Kg5 39. a4 Kg6 40. Bf4
Nf6 41. h3 gxh3 42. gxh3 Ne4 43. Rg2+ Kf6 44. Bh6 Rxd6 45. Bg7+ Kf7 46. Bd4 Rd5
47. Rg7+ Kf8 48. Rh7 Nd6 49. Rh8+ Kf7 50. Rxc8 Nxc4 51. Bf2 Rd1+ 52. Kg2 Rd2
53. Rc7 Kf6 54. Kf1 e5 55. c6 d5 56. Ra7 Ke6 57. Rh7 Rc2 58. c7 Nd2+ 59. Ke1
Ne4 60. Bb6 d4 61. Rh6+ Kd5 62. Rh7 Rc1+ 63. Ke2 Nd6 64. Bxa5 Rc2+ 65. Kd1 d3
66. Rd7 Ke6 67. Rd8 Nb7 68. Rxd3 Rc4 69. Rd8 Nxa5 70. c8=Q+ Rxc8 71. Rxc8 Kd5
72. h4 Nc4 73. Rxc4 Kxc4 74. h5 f4 75. h6 Kd3 76. h7 e4 77. h8=Q f3 78. a5 f2
79. Qh3+ e3 80. a6 Kd4 81. a7 Kd3 82. a8=Q Kd4 83. Qa7+ Kc4 84. Qe6+ Kb5 85.
Qab6+ Ka4 86. Qeb3# 1-0

[Event "ICS rated blitz match"]
[Site "204.178.125.65"]
[Date "2000.03.19"]
[Round "?"]
[White "Hossa"]
[Black "darthweber"]
[Result "1-0"]
[WhiteElo "2456"]
[BlackElo "2332"]
[PlyCount "55"]

1. e4 g6 2. d4 Bg7 3. Nf3 c6 4. Nc3 d6 5. Bd3 b5 6. O-O Nd7 7. Bd2 e5 8. d5
cxd5 9. Nxd5 a6 10. a4 bxa4 11. Qe1 Bb7 12. Ba5 Qc8 13. Nc7+ Kf8 14. Nxa8 Bxa8
15. Rxa4 Nc5 16. Rc4 Qd7 17. Bb6 Nxd3 18. cxd3 Ne7 19. Rc7 Qb5 20. Ra7 Bc6 21.
Bd8 Nc8 22. Rc7 Bd7 23. Qc1 Ne7 24. Rd1 Nc6 25. Rxd7 Ke8 26. Rxd6 Nxd8 27. Qc8
Bf6 28. Rxf6 1-0

[Event "ICS rated standard match"]
[Site "204.178.125.65"]
[Date "2000.03.19"]
[Round "?"]
[White "Tinker"]
[Black "Hossa"]
[Result "1/2-1/2"]
[WhiteElo "2285"]
[BlackElo "2342"]
[PlyCount "138"]

1. e4 e5 2. d4 exd4 3. Qxd4 Nc6 4. Qd1 Nf6 5. Bg5 Be7 6. Bxf6 Bxf6 7. c3 Qe7 8.
Qe2 d6 9. g3 O-O 10. Nd2 Be6 11. f4 Rfe8 12. Qh5 a6 13. Bd3 g6 14. Qf3 d5 15.
Ne2 d4 16. O-O dxc3 17. bxc3 Bxc3 18. Nxc3 Qc5+ 19. Kh1 Qxc3 20. Nb3 Bxb3 21.
Rac1 Qb4 22. axb3 Qxb3 23. Rb1 Qa3 24. Rxb7 Rad8 25. Be2 Qxf3+ 26. Bxf3 Re7 27.
f5 Rd6 28. fxg6 hxg6 29. Bg2 a5 30. Rb5 Re5 31. Rb7 Rd7 32. Rc1 Ree7 33. Rbb1
Rd6 34. Rc5 Re5 35. Rcc1 a4 36. Ra1 Ra5 37. Bf1 g5 38. Rc3 Kg7 39. Be2 Ne5 40.
Rxc7 Rd4 41. Bh5 Rxe4 42. Rf1 Kh8 43. Re7 Re3 44. Bxf7 Rf3 45. Rxf3 Nxf3 46.
Re3 Ne5 47. Be6 a3 48. Ba2 Ng4 49. Rf3 Kh7 50. h4 Kh6 51. hxg5+ Kxg5 52. Kg2
Kg6 53. Rd3 Kf6 54. Kf1 Ke5 55. Ke2 Nf6 56. Kf3 Kf5 57. Rd4 Kg6 58. g4 Kg5 59.
Rc4 Rd5 60. Rc3 Rd4 61. Rxa3 Nxg4 62. Ra5+ Kh4 63. Bb1 Rb4 64. Bc2 Rb2 65. Rc5
Ra2 66. Rc8 Ra3+ 67. Kf4 Ra6 68. Rh8+ Rh6 69. Rxh6+ Nxh6 1/2-1/2

[Event "ICS rated blitz match"]
[Site "204.178.125.65"]
[Date "2000.03.19"]
[Round "?"]
[White "Hossa"]
[Black "Tinker"]
[Result "1-0"]
[WhiteElo "2467"]
[BlackElo "2486"]
[PlyCount "67"]

1. e4 e5 2. Nf3 Nf6 3. Nxe5 d6 4. Nf3 Nxe4 5. d4 Nc6 6. Bb5 a6 7. Bxc6+ bxc6 8.
O-O Be7 9. Re1 Nf6 10. Qe2 Bg4 11. Nbd2 Nd5 12. c4 Nb4 13. Nb3 Bf5 14. Na5 Qd7
15. Bf4 Nc2 16. Nxc6 Nxe1 17. Rxe1 Be6 18. d5 O-O 19. Nfd4 Bf6 20. dxe6 fxe6
21. Qxe6+ Rf7 22. Bc1 Qxe6 23. Nxe6 Re8 24. f4 Bh4 25. Re3 Kh8 26. g4 Rd7 27.
Kg2 Kg8 28. f5 Rc8 29. g5 Re8 30. Re4 Bxg5 31. Bxg5 Kh8 32. f6 Rf7 33. Ncd8
Rxf6 34. Bxf6 1-0

[Event "ICS rated blitz match"]
[Site "204.178.125.65"]
[Date "2000.03.19"]
[Round "?"]
[White "HaraldLdahl"]
[Black "Hossa"]
[Result "0-1"]
[WhiteElo "2222"]
[BlackElo "2484"]
[PlyCount "55"]

1. e4 e5 2. Nf3 Nc6 3. Nc3 Nf6 4. Bb5 Bb4 5. O-O O-O 6. d3 d6 7. Bxc6 bxc6 8.
Ne2 Bg4 9. Ng3 d5 10. h3 Bxf3 11. Qxf3 Rb8 12. b3 Bc3 13. Rb1 h6 14. Nf5 Kh8
15. Be3 d4 16. Bc1 Rg8 17. Qg3 Nd7 18. f4 Qe8 19. fxe5 Nxe5 20. Bf4 f6 21. Bxe5
fxe5 22. Rf2 Qe6 23. Rbf1 Rbf8 24. Nh4 Rxf2 25. Rxf2 Be1 26. Ng6+ Kh7 27. Nxe5
Qd6 28. Qf4 0-1

[Event "ICS Rated standard match"]
[Site "204.178.125.65"]
[Date "2000.03.19"]
[Round "?"]
[White "Zippy"]
[Black "Hossa"]
[Result "0-1"]
[WhiteElo "2263"]
[BlackElo "2319"]
[PlyCount "226"]

1. e4 e5 2. Nf3 Nc6 3. Bb5 a6 4. Ba4 Nf6 5. O-O Be7 6. Bxc6 dxc6 7. Nxe5 Nxe4
8. d3 Nd6 9. Nc3 O-O 10. Bf4 Be6 11. Re1 Nf5 12. Ne4 Re8 13. h3 Bd6 14. Qd2 f6
15. Nf3 Bd5 16. c4 Bxf4 17. Qxf4 Bxe4 18. dxe4 Nd4 19. Nxd4 Qxd4 20. Qxc7 Qxc4
21. Qxb7 Rab8 22. Qd7 Rxe4 23. b3 Qd5 24. Qa7 Qe5 25. Qxb8+ Qxb8 26. Rxe4 Qb6
27. Rc4 c5 28. Rac1 Qa5 29. R1c2 Qe1+ 30. Kh2 Qe5+ 31. g3 Kf7 32. Rxc5 Qe1 33.
Rc7+ Kg6 34. Rd7 h5 35. a3 Kh6 36. b4 Qb1 37. Rcd2 Qa1 38. R2d3 Qf1 39. Rf3 Kg6
40. Re7 Kh6 41. Ra7 Kg6 42. Rc7 Kh6 43. Re7 Kg6 44. Ra7 Kh6 45. h4 Qc4 46. Re7
Qd5 47. Ree3 Kh7 48. Rd3 Qe4 49. Rfe3 Qc4 50. Rd7 Qf1 51. Rf3 Kh6 52. Re7 Kg6
53. Ra7 Qc4 54. Kg1 Qc6 55. Rd3 Qc1+ 56. Kg2 Qc6+ 57. Kf1 Qc1+ 58. Ke2 Qc2+ 59.
Ke3 Qc1+ 60. Rd2 Qxa3+ 61. Rd3 Qxb4 62. Rad7 Qe1+ 63. Kf3 a5 64. Re3 Qh1+ 65.
Ke2 Qc6 66. Ree7 Qc4+ 67. Kd2 Kf5 68. Rxg7 Qa2+ 69. Ke3 Qa3+ 70. Ke2 Ke6 71.
Rb7 Qc5 72. Rgc7 Qe5+ 73. Kf1 Qd5 74. Re7+ Kf5 75. Ke1 Kg4 76. Rbd7 Qc4 77. Rc7
Qb4+ 78. Kf1 Kh3 79. Ke2 Kg2 80. Rcd7 a4 81. Rc7 a3 82. Rg7 Qe4+ 83. Kd2 Qd4+
84. Ke2 a2 85. Ra7 Qxf2+ 86. Kd3 Qf1+ 87. Ke3 a1=Q 88. Rxa1 Qxa1 89. Re7 Qe1+
90. Kd3 Qxe7 91. g4 Qd7+ 92. Kc4 Qxg4+ 93. Kd3 Qd4+ 94. Kxd4 Kf3 95. Kd5 f5 96.
Ke5 f4 97. Kf5 Ke3 98. Kg5 f3 99. Kxh5 f2 100. Kg6 Ke4 101. h5 Ke5 102. h6 f1=Q
103. Kg5 Qg1+ 104. Kh5 Qg3 105. h7 Qf3+ 106. Kg5 Qg2+ 107. Kh6 Kf5 108. h8=N
Qg5+ 109. Kh7 Qe7+ 110. Nf7 Qxf7+ 111. Kh8 Qe7 112. Kg8 Kg6 113. Kh8 Qe8# 0-1

[Event "ICS Rated standard match"]
[Site "204.178.125.65"]
[Date "2000.03.19"]
[Round "?"]
[White "Hossa"]
[Black "BountyHunter"]
[Result "0-1"]
[WhiteElo "2332"]
[BlackElo "2738"]
[PlyCount "98"]

1. d4 Nf6 2. c4 e6 3. Nc3 Bb4 4. Qc2 d5 5. cxd5 Qxd5 6. Nf3 Qf5 7. Qxf5 exf5 8.
a3 Be7 9. Bf4 c6 10. e3 Be6 11. Bd3 Nbd7 12. O-O Nb6 13. Bg5 Bc4 14. Bxc4 Nxc4
15. b3 Nd6 16. Bxf6 Bxf6 17. Rfc1 O-O 18. h4 Ne4 19. g3 Rfe8 20. Kg2 g6 21. Rc2
h6 22. Ne2 Rad8 23. Nf4 c5 24. Ne2 g5 25. Rd1 Kf8 26. d5 Ke7 27. hxg5 hxg5 28.
b4 cxb4 29. axb4 Kf8 30. Ra2 a6 31. Ra5 Rd7 32. Rd3 Rc8 33. Kg1 Rc2 34. Kf1 Rb2
35. Ra4 g4 36. Nh4 Rc7 37. Nxf5 Rcc2 38. Nfd4 Bxd4 39. Rxd4 f5 40. Rxe4 Rb1+
41. Kg2 Rxe2 42. Re5 Ree1 43. Rxf5+ Ke8 44. Re5+ Kd8 45. Re8+ Kxe8 46. Ra1 Rxa1
47. d6 Rg1+ 48. Kh2 Rh1+ 49. Kg2 Rag1# 0-1

[Event "ICS rated blitz match"]
[Site "204.178.125.65"]
[Date "2000.03.19"]
[Round "?"]
[White "Hossa"]
[Black "QueenMaxima"]
[Result "1-0"]
[WhiteElo "2490"]
[BlackElo "2420"]
[PlyCount "93"]

1. d4 Nf6 2. c4 e6 3. Nf3 b6 4. a3 d6 5. Nc3 Bb7 6. Bg5 Be7 7. e3 a6 8. Bd3 h6
9. Bxf6 Bxf6 10. Be4 d5 11. cxd5 exd5 12. Bc2 c6 13. O-O Nd7 14. Bf5 Be7 15.
Qb3 Rb8 16. Bxd7+ Kxd7 17. e4 Ke8 18. Qc2 dxe4 19. Qxe4 Qd6 20. Ne5 Rd8 21.
Rfd1 Qe6 22. Re1 Ba8 23. Rad1 a5 24. f4 h5 25. f5 Qf6 26. Nc4 c5 27. d5 Rb8 28.
Qe3 Kd7 29. Ne5+ Kc8 30. Nc6 Bxc6 31. dxc6 Bd8 32. Nb5 Ra8 33. Nd6+ Kc7 34.
Ne8+ Kc8 35. Nxf6 Bxf6 36. Qb3 Ra7 37. Qxb6 Rc7 38. Qxa5 Kb8 39. Qxc5 Rhc8 40.
Qb6+ Ka8 41. Rd7 Rxd7 42. cxd7 Bd4+ 43. Qxd4 Kb7 44. Qd5+ Kc7 45. dxc8=Q+ Kxc8
46. Qxf7 g6 47. Re8# 1-0

[Event "ICS Rated blitz match"]
[Site "204.178.125.65"]
[Date "2000.03.19"]
[Round "?"]
[White "tol4511"]
[Black "Hossa"]
[Result "1-0"]
[WhiteElo "2501"]
[BlackElo "2503"]
[PlyCount "107"]

1. e4 e5 2. Nc3 Nf6 3. f4 d5 4. fxe5 Nxe4 5. Nf3 Be7 6. d4 O-O 7. Bd3 f5 8.
exf6 Bxf6 9. O-O Nc6 10. Ne2 Bg4 11. c3 Qd6 12. Bf4 Qd7 13. Qc2 Rae8 14. Ng3
Kh8 15. Bxe4 dxe4 16. Ng5 Bf5 17. Rae1 Bxg5 18. Bxg5 Bg6 19. Rxf8+ Rxf8 20. Qb3
b6 21. Qb5 h6 22. Bd2 Qe8 23. Qc4 Rf6 24. b4 Rf7 25. Qb5 Rf6 26. Qe2 Nb8 27. b5
Qe7 28. Nh5 Bxh5 29. Qxh5 Qe6 30. Qe5 Qxa2 31. Qe8+ Qg8 32. Rxe4 Rf8 33. Qe7
Rf7 34. Qa3 c6 35. Qd6 cxb5 36. Bxh6 Qc8 37. Qd5 Rf5 38. Bxg7+ Kxg7 39. Re7+
Kh8 40. Qe4 Rf1+ 41. Kxf1 Qf8+ 42. Ke2 Qxe7 43. Qxe7 a5 44. Qe5+ Kg8 45. Qxb8+
Kf7 46. Qxb6 b4 47. cxb4 axb4 48. d5 b3 49. Qxb3 Kf6 50. d6 Ke5 51. d7 Ke4 52.
d8=Q Ke5 53. Qbd5+ Kf4 54. Q8g5# 1-0

[Event "ICS rated blitz match"]
[Site "204.178.125.65"]
[Date "2000.03.19"]
[Round "?"]
[White "Hossa"]
[Black "Tinker"]
[Result "1-0"]
[WhiteElo "2487"]
[BlackElo "2456"]
[PlyCount "193"]
[EventDate "2000.??.??"]

1. e4 e5 2. Nf3 d6 3. d4 exd4 4. Nxd4 d5 5. exd5 Qxd5 6. Qe2+ Be7 7. Be3 Qd8 8.
Nc3 Bd7 9. O-O-O Nf6 10. Nf5 O-O 11. Bg5 Bxf5 12. Rxd8 Bxd8 13. Qe5 Be6 14.
Bxf6 Nd7 15. Qe4 Bxf6 16. Bd3 g6 17. Qxb7 Bxc3 18. bxc3 Nc5 19. Qxc7 Nxd3+ 20.
cxd3 Bxa2 21. c4 Rfb8 22. Kc2 a5 23. Ra1 Bb3+ 24. Kc3 a4 25. Re1 Ba2 26. Qe7 a3
27. Ra1 Rb3+ 28. Kd2 Bb1 29. d4 a2 30. d5 Rd3+ 31. Ke1 Rd4 32. f3 Rxc4 33. d6
Rc1+ 34. Kf2 Rc2+ 35. Kg3 Rd2 36. d7 Rf8 37. h3 Kg7 38. Qe5+ Kg8 39. Qc7 h5 40.
h4 Rd4 41. Kf2 Rd2+ 42. Kf1 Rd1+ 43. Ke2 Rd4 44. Ke3 Rd1 45. g4 Rd5 46. gxh5
gxh5 47. Qc8 Rd1 48. Ke2 Rd6 49. Qc7 Rd5 50. Qb7 Rd4 51. Qa7 Rd5 52. Qc7 Kg7
53. Qc8 Rd3 54. Rxa2 Rxd7 55. Qxd7 Bxa2 56. Qb5 f6 57. Qxh5 Be6 58. Qc5 Re8 59.
Kf2 Rh8 60. Qe7+ Bf7 61. Qc7 Rh5 62. Kg2 Re5 63. Qd7 Rd5 64. Qg4+ Kf8 65. Qf4
Ke7 66. Qc7+ Ke6 67. Kg3 Bg6 68. Qc8+ Ke7 69. Qc4 Bf7 70. Qc7+ Ke6 71. Qc6+ Ke7
72. Qb7+ Ke6 73. Qb6+ Ke5 74. f4+ Kf5 75. Qb1+ Ke6 76. Qe4+ Kd7 77. f5 Re5 78.
Qb7+ Ke8 79. Kg4 Bd5 80. Qc8+ Kf7 81. Qd7+ Kf8 82. h5 Be4 83. Qd8+ Kf7 84. Qc7+
Ke8 85. h6 Bxf5+ 86. Kf4 Bg6 87. h7 Re4+ 88. Kf3 Bxh7 89. Qxh7 Re6 90. Qg7 Rd6
91. Ke4 Kd8 92. Qf7 Kc8 93. Qe7 Rc6 94. Kd5 Ra6 95. Kc5 Kb8 96. Kb5 Ra1 97.
Qxf6 1-0

[Event "ICS rated blitz match"]
[Site "204.178.125.65"]
[Date "2000.03.19"]
[Round "?"]
[White "Tinker"]
[Black "Hossa"]
[Result "0-1"]
[WhiteElo "2441"]
[BlackElo "2502"]
[PlyCount "194"]

1. e4 e5 2. d4 exd4 3. Qxd4 Nc6 4. Qd1 Nf6 5. Nc3 Bb4 6. Bg5 Bxc3+ 7. bxc3 h6
8. Bxf6 Qxf6 9. Qf3 Qe7 10. Qe3 O-O 11. Bd3 d6 12. Nf3 Bg4 13. O-O Bxf3 14.
Qxf3 Qg5 15. Rab1 Rab8 16. Be2 Ne5 17. Qg3 Qxg3 18. fxg3 Rfe8 19. Rf5 Kh7 20.
g4 Re7 21. Rbf1 Rbe8 22. g5 g6 23. Rf6 hxg5 24. h3 Kg7 25. R6f2 Rh8 26. Rb1 b6
27. Rb4 f6 28. Ra4 a5 29. Rd4 Rh4 30. Bd1 Re8 31. a4 Reh8 32. Rf1 Kf7 33. c4 f5
34. c3 f4 35. Be2 Kf6 36. Rf2 R8h7 37. Kf1 Re7 38. Rd5 Rh8 39. Rd4 Nc6 40. Rd2
Rxe4 41. c5 dxc5 42. Bf3 Re6 43. c4 Nd4 44. Bd5 Re3 45. Rb2 Rhe8 46. Rb1 Ra3
47. Rd2 Rxa4 48. Rxd4 cxd4 49. Bc6 Rb4 50. Rxb4 Re6 51. Ra4 Rxc6 52. Kf2 d3 53.
Ra3 d2 54. Rd3 Rxc4 55. Rxd2 Rc3 56. Ra2 Rc1 57. Ke2 c6 58. Kd3 Rc5 59. Kd2
Rd5+ 60. Kc3 Re5 61. Kd3 Re3+ 62. Kd4 Re8 63. Kd3 Ra8 64. Rc2 Rd8+ 65. Kc4 Rc8
66. Rd2 Re8 67. Rb2 Rb8 68. Rc2 Rb7 69. Kb3 Rc7 70. Ka4 g4 71. hxg4 Kg5 72. Rb2
Rb7 73. Re2 Ra7 74. Re6 b5+ 75. Kb3 Rc7 76. Ka3 Rc8 77. Rd6 Kh6 78. Rf6 Rc7 79.
Rxf4 c5 80. Re4 Kh7 81. Re5 Kg7 82. g3 Kf6 83. Rd5 Kf7 84. Re5 Rc6 85. Kb3 Kf8
86. Rd5 Ke7 87. Re5+ Kd6 88. Rg5 Kc7 89. Rd5 Kb6 90. Ka3 c4 91. Kb2 b4 92. Re5
a4 93. Kb1 Rf6 94. g5 Rd6 95. Re8 Kc5 96. Ra8 a3 97. Ra5+ Kd4 0-1

[Event "ICS rated blitz match"]
[Site "204.178.125.65"]
[Date "2000.03.19"]
[Round "?"]
[White "Hossa"]
[Black "Tinker"]
[Result "0-1"]
[WhiteElo "2515"]
[BlackElo "2428"]
[PlyCount "72"]

1. d4 d5 2. c4 dxc4 3. Nf3 b5 4. a4 c6 5. axb5 cxb5 6. Nc3 Qb6 7. b3 e6 8. bxc4
bxc4 9. Qa4+ Nc6 10. Qxc4 Bb4 11. Bd2 Nge7 12. Nb5 Bxd2+ 13. Nxd2 O-O 14. e3
Bd7 15. Bd3 e5 16. d5 Nd8 17. Nc3 Nf5 18. Bxf5 Bxf5 19. e4 Rc8 20. Na4 Qa5 21.
Qd3 Bd7 22. Qb3 Bb5 23. f3 Rc4 24. Rb1 a6 25. Nb2 Rc3 26. Qd1 f5 27. d6 fxe4
28. Ra1 Qb4 29. Rb1 exf3 30. Qxf3 Rfxf3 31. Kd1 Ba4+ 32. Nxa4 Qxa4+ 33. Rb3 Rf2
34. h3 Qa2 35. Rb2 Qxb2 36. g4 Qxd2# 0-1

[Event "ICS rated blitz match"]
[Site "204.178.125.65"]
[Date "2000.03.19"]
[Round "?"]
[White "Tinker"]
[Black "Hossa"]
[Result "1/2-1/2"]
[WhiteElo "2448"]
[BlackElo "2495"]
[PlyCount "152"]
[EventDate "2000.??.??"]

1. e4 e5 2. d4 exd4 3. Qxd4 Nc6 4. Qd1 Nf6 5. Nc3 Bb4 6. Bg5 Bxc3+ 7. bxc3 h6
8. Bxf6 Qxf6 9. Qf3 Qe7 10. Bd3 O-O 11. Qe3 Ne5 12. Ne2 c5 13. Nf4 c4 14. Be2
Qg5 15. O-O b5 16. Nd5 Qxe3 17. Nxe3 Bb7 18. Rab1 Bc6 19. f3 Ng6 20. Nf5 Nf4
21. Rfe1 Rfb8 22. Bf1 Rb6 23. Nd6 Ra6 24. Nxb5 Rxa2 25. Nd4 Ra4 26. Ra1 Ne6 27.
Nxc6 Rxa1 28. Ne7+ Kf8 29. Ng6+ fxg6 30. Rxa1 a5 31. Bxc4 Ke7 32. Bxe6 Kxe6 33.
Ra4 g5 34. Kf2 d6 35. Ke3 h5 36. Kd4 Ra7 37. c4 g6 38. h3 Ra8 39. Ra2 g4 40.
hxg4 hxg4 41. fxg4 a4 42. c3 Ra5 43. Ke3 a3 44. Kf4 g5+ 45. Kf3 Ra4 46. Ke3 Ke5
47. Kf3 Ke6 48. g3 Ke5 49. Ke3 Ra8 50. Kd3 Ra4 51. Ra1 Ra6 52. Ra2 Ra4 53. Kc2
Kxe4 54. Kb3 Ra8 55. Rxa3 Rxa3+ 56. Kxa3 Kf3 57. Kb4 Kxg4 58. Kb5 Kxg3 59. Kc6
Kf4 60. Kxd6 g4 61. c5 g3 62. c6 g2 63. c7 g1=Q 64. c8=Q Qg6+ 65. Kc5 Qg1+ 66.
Kb5 Qb1+ 67. Kc6 Qg6+ 68. Kc7 Qf7+ 69. Kd6 Qg6+ 70. Kc5 Qg1+ 71. Kc6 Qg6+ 72.
Kb5 Qb1+ 73. Ka5 Qa2+ 74. Kb4 Qb1+ 75. Kc5 Qg1+ 76. Kc6 Qg6+ 1/2-1/2

[Event "ICS Rated standard match"]
[Site "204.178.125.65"]
[Date "2000.03.19"]
[Round "?"]
[White "Tinker"]
[Black "Hossa"]
[Result "1-0"]
[WhiteElo "2297"]
[BlackElo "2329"]
[PlyCount "123"]

1. e4 e5 2. d4 exd4 3. Qxd4 Nc6 4. Qd1 Nf6 5. Nc3 Bb4 6. Bg5 Bxc3+ 7. bxc3 h6
8. Bxf6 Qxf6 9. Qd3 O-O 10. Ne2 Re8 11. f3 a5 12. Qd2 Qe5 13. Nf4 a4 14. Be2
Qg5 15. Nd5 Qh4+ 16. g3 Qd8 17. a3 d6 18. O-O-O Bd7 19. Bb5 Ne5 20. Be2 b5 21.
Ne3 Rb8 22. Qd4 Be6 23. Rhe1 Qd7 24. f4 Nc6 25. Qd3 Na5 26. Qd4 Qe7 27. Qb4 Nc4
28. Bxc4 bxc4 29. Qxa4 Ra8 30. Qc6 Rxa3 31. f5 Bd7 32. Qxc7 Rc8 33. Qb7 Ra5 34.
f6 Qe6 35. Nf5 Rb5 36. Qa7 Rxf5 37. exf5 Qxf5 38. Rxd6 Bc6 39. fxg7 Kxg7 40.
Qd4+ Kh7 41. Qxc4 Bb7 42. Qh4 h5 43. Rf6 Qd5 44. Rd1 Qa2 45. Qxh5+ Kg7 46. Qh6+
Kg8 47. Qg5+ Kf8 48. Qh6+ Kg8 49. Rd3 Qa1+ 50. Kd2 Re8 51. Qg5+ Kf8 52. Rxf7+
Kxf7 53. Rd7+ Ke6 54. Qg4+ Kf6 55. Qf4+ Kg6 56. Rd6+ Re6 57. Rxe6+ Kg7 58. Qc7+
Kf8 59. Qd6+ Kg8 60. Qd8+ Kg7 61. Qd7+ Kg8 62. Re8# 1-0

[Event "ICS Rated standard match"]
[Site "204.178.125.65"]
[Date "2000.03.19"]
[Round "?"]
[White "Hossa"]
[Black "neobetoc"]
[Result "1/2-1/2"]
[WhiteElo "2312"]
[BlackElo "2210"]
[PlyCount "115"]

1. e4 e5 2. Nf3 Nc6 3. Bb5 a6 4. Ba4 Nf6 5. O-O Nxe4 6. d4 b5 7. Bb3 d5 8. dxe5
Be6 9. c3 Nc5 10. Bc2 Bg4 11. Re1 Be7 12. h3 Bh5 13. Nbd2 O-O 14. Nb3 Ne6 15.
Bd3 Qd7 16. Be3 Rfe8 17. Rc1 Bxf3 18. Qxf3 Nxe5 19. Bxh7+ Kxh7 20. Qh5+ Kg8 21.
Qxe5 c6 22. a3 Bd6 23. Qf5 Qc7 24. g3 a5 25. Rc2 a4 26. Nc1 Nc5 27. Rce2 Ne4
28. Qg4 Nf6 29. Qf3 c5 30. Bg5 Ne4 31. Qg2 Qd7 32. Bh4 c4 33. Rd1 Qf5 34. f3
Ng5 35. Bxg5 Bc5+ 36. Kh2 Qxg5 37. f4 Qg6 38. Rxd5 Qb6 39. Rxe8+ Rxe8 40. Ne2
g6 41. Nd4 Re7 42. Qd2 f6 43. Nf3 Qc6 44. Kg2 Kg7 45. f5 Be3 46. Qd1 gxf5 47.
Kf1 f4 48. gxf4 Bxf4 49. Nh4 Re5 50. Rd7+ Kh6 51. Nf3 Re3 52. Rd5 Qc8 53. Ng1
Qe8 54. Rf5 Bg5 55. Qg4 Re4 56. Qd1 Re3 57. Qg4 Re4 58. Qd1 1/2-1/2

[Event "ICS rated standard match"]
[Site "204.178.125.65"]
[Date "2000.03.19"]
[Round "?"]
[White "DJT"]
[Black "Hossa"]
[Result "0-1"]
[WhiteElo "2199"]
[BlackElo "2308"]
[PlyCount "80"]

1. e4 c5 2. Nf3 Nc6 3. d4 cxd4 4. Nxd4 Nf6 5. Nc3 d6 6. Nb3 g6 7. a3 Bg7 8. Bd3
O-O 9. O-O Re8 10. Re1 Kh8 11. f4 Bg4 12. Qd2 Be6 13. Qf2 Ng4 14. Qg3 Qb6+ 15.
Be3 Nxe3 16. Rxe3 Bxb3 17. cxb3 Bd4 18. Nd5 Qxb3 19. Nc7 Qxd3 20. Rae1 Qxe4 21.
Nxa8 Rxa8 22. Kh1 Bxe3 23. Rxe3 Qb1+ 24. Re1 Qxb2 25. Qg5 Qxa3 26. Qd5 Qc3 27.
Rd1 Qc2 28. Rd2 Qc1+ 29. Rd1 Qxf4 30. Qb3 Rb8 31. Qc3+ f6 32. Qa3 Qf2 33. Qd3
Ne5 34. Qc3 Qc5 35. Qh3 h5 36. Qe6 Ng4 37. Rf1 Nf2+ 38. Kg1 Nh3+ 39. Kh1 Qg1+
40. Rxg1 Nf2# 0-1

[Event "ICS rated standard match"]
[Site "204.178.125.65"]
[Date "2000.03.19"]
[Round "?"]
[White "Hossa"]
[Black "neobetoc"]
[Result "0-1"]
[WhiteElo "2318"]
[BlackElo "2222"]
[PlyCount "178"]

1. c4 Nf6 2. Nc3 e5 3. g3 c6 4. Nf3 e4 5. Nd4 d5 6. cxd5 cxd5 7. d3 Bc5 8. Nb3
Bb6 9. Bg2 O-O 10. dxe4 Nxe4 11. Nxe4 dxe4 12. Qxd8 Rxd8 13. Bxe4 Nc6 14. Bxc6
bxc6 15. Bf4 Ba6 16. Rc1 Bb5 17. Nc5 Rd5 18. Be3 Re8 19. b4 a5 20. a3 axb4 21.
axb4 Ra8 22. h3 Ra2 23. O-O Bxe2 24. Rfe1 f5 25. Kg2 Kf7 26. Rc3 Bb5 27. Nb7
Bxe3 28. Rcxe3 Rdd2 29. Rf3 g6 30. Rf4 Rac2 31. Nc5 Bc4 32. g4 Bd5+ 33. Kg1 Kf6
34. h4 Re2 35. Rd1 h5 36. g5+ Ke5 37. Nd3+ Kd6 38. Rd4 Red2 39. Rxd2 Rxd2 40.
Kf1 Rd1+ 41. Ke2 Rb1 42. f3 Rh1 43. Ke3 Rh3 44. Rf4 Ke6 45. Nc5+ Ke7 46. Kf2
Rh2+ 47. Ke3 Rc2 48. Nd3 Kd6 49. Rd4 Rc3 50. f4 Ra3 51. Kd2 Ra2+ 52. Kc3 Ra3+
53. Kc2 Ra2+ 54. Kb1 Rh2 55. Ne5 Rxh4 56. Nxg6 Rh1+ 57. Kb2 h4 58. Rd3 h3 59.
Ne5 Ke6 60. Rg3 Be4 61. Ka2 Bg2 62. g6 h2 63. g7 Bd5+ 64. Kb2 Rb1+ 65. Kc2 Ke7
66. Rh3 h1=Q 67. Rxh1 Rxh1 68. Nxc6+ Kf6 69. b5 Kxg7 70. Nd4 Kf6 71. Ne2 Be4+
72. Kc3 Rh2 73. Nd4 Ke7 74. Kb4 Kd6 75. Nb3 Rf2 76. Nd4 Rxf4 77. Ne2 Rg4 78.
Nc3 Bc2+ 79. Ka3 f4 80. b6 f3 81. b7 Rg8 82. Nb5+ Kc5 83. Nc7 f2 84. Na6+ Kc4
85. Nb4 f1=Q 86. Nxc2 Qc1+ 87. Ka4 Qxc2+ 88. Ka5 Rg6 89. b8=Q Qa2# 0-1

[Event "ICS rated blitz match"]
[Site "204.178.125.65"]
[Date "2000.03.19"]
[Round "?"]
[White "Hossa"]
[Black "BlunderBoy"]
[Result "1-0"]
[WhiteElo "2493"]
[BlackElo "2062"]
[PlyCount "161"]

1. e4 g6 2. d4 Bg7 3. Nf3 d6 4. Nc3 Nf6 5. Be2 O-O 6. O-O Bg4 7. Bg5 Nc6 8. Nd2
Bxe2 9. Nxe2 e5 10. c3 Qe8 11. d5 Ne7 12. Qb3 b6 13. c4 Nh5 14. g4 Nf6 15. Qh3
Kh8 16. f4 Neg8 17. f5 h6 18. Bh4 g5 19. Bxg5 Nh7 20. Bh4 f6 21. Rfd1 Ne7 22.
Re1 Qd7 23. Nc3 Kg8 24. Nb3 a6 25. Qd3 Rfb8 26. Rac1 Kf7 27. Rf1 Rh8 28. Rf3
Ng5 29. Bxg5 hxg5 30. Rh3 Rxh3 31. Qxh3 Rh8 32. Qf3 Bf8 33. Rc2 Ng8 34. Nc1 Kg7
35. Nd3 Rh4 36. Nb4 Qc8 37. a3 Nh6 38. Rg2 Be7 39. Nc6 Bd8 40. b3 Qd7 41. Nb4
Qc8 42. Qe2 a5 43. Nc6 Kf7 44. Qf3 Be7 45. Nb5 Bd8 46. Nba7 Qd7 47. b4 axb4 48.
axb4 Ng8 49. Qe3 Ne7 50. Nxe7 Bxe7 51. Nc6 Bd8 52. Qg3 Kg7 53. Ra2 Qc8 54. Ra7
Kf7 55. Qg2 Be7 56. Qf3 Bf8 57. Qg3 Be7 58. b5 Bd8 59. Qf3 Be7 60. Qg2 Bd8 61.
Qe2 Be7 62. Kh1 Bd8 63. Qg2 Be7 64. Qg3 Bd8 65. Kg2 Be7 66. Kf1 Rh7 67. Kg1 Rh4
68. Kf2 Bd8 69. Kf1 Be7 70. Qg2 Bd8 71. Qe2 Be7 72. Kg2 Bd8 73. Qf3 Be7 74. Kh1
Qh8 75. Rxc7 Rxh2+ 76. Kg1 Rh1+ 77. Qxh1 Qxh1+ 78. Kxh1 Kf8 79. Rxe7 Kg8 80. c5
dxc5 81. d6 1-0

[Event "ICS rated blitz match"]
[Site "204.178.125.65"]
[Date "2000.03.19"]
[Round "?"]
[White "BlunderBoy"]
[Black "Hossa"]
[Result "0-1"]
[WhiteElo "2060"]
[BlackElo "2495"]
[PlyCount "64"]

1. d4 Nf6 2. c4 e6 3. Nc3 Bb4 4. e3 O-O 5. Bd3 d5 6. Nf3 dxc4 7. Bxc4 c5 8. O-O
cxd4 9. exd4 Nbd7 10. Bg5 a6 11. a3 Be7 12. Re1 b5 13. Bd3 Bb7 14. Ne5 h6 15.
Nxd7 Qxd7 16. Be3 Qc6 17. f3 Rfd8 18. Bc2 Qc7 19. Qd3 Bd6 20. Ne4 Bxh2+ 21. Kh1
Nxe4 22. fxe4 Rac8 23. Rac1 Qg3 24. Rf1 Qh4 25. Rf3 Rxc2 26. Qxc2 Bg3+ 27. Kg1
Bxe4 28. Qd2 Qh2+ 29. Kf1 Qh1+ 30. Bg1 Bxf3 31. Rc3 Bh2 32. Qf2 Bxg1 0-1

[Event "ICS rated blitz match"]
[Site "204.178.125.65"]
[Date "2000.03.19"]
[Round "?"]
[White "Hossa"]
[Black "zaza"]
[Result "1-0"]
[WhiteElo "2497"]
[BlackElo "2108"]
[PlyCount "111"]

1. d4 Nf6 2. c4 g6 3. Nc3 Bg7 4. e4 d6 5. Nf3 O-O 6. Be2 e5 7. dxe5 dxe5 8.
Qxd8 Rxd8 9. Bg5 c6 10. Nxe5 Re8 11. f4 Nh5 12. Bxh5 gxh5 13. Bh4 Nd7 14. O-O-O
Nxe5 15. fxe5 Bxe5 16. Kd2 Bg4 17. Rde1 f6 18. Kc2 Rad8 19. Ref1 Kg7 20. h3 Be6
21. b3 Rd7 22. Rd1 Red8 23. Rxd7+ Rxd7 24. Bf2 Kg6 25. Bxa7 b5 26. Bc5 bxc4 27.
Rd1 cxb3+ 28. axb3 Rxd1 29. Nxd1 Kg5 30. Be3+ Bf4 31. b4 h4 32. Kd3 h5 33.
Bxf4+ Kxf4 34. Nc3 Kg3 35. Ne2+ Kf2 36. Nf4 Bf7 37. Kd4 Kg3 38. Ke3 Ba2 39.
Nxh5+ Kxg2 40. Nxf6 Kxh3 41. Kf3 Be6 42. e5 Kh2 43. Ne4 h3 44. Ng5 Bd5+ 45. Kf2
Bc4 46. e6 Bxe6 47. Nxe6 Kh1 48. Nd4 c5 49. b5 cxd4 50. b6 d3 51. b7 d2 52. Ke2
Kg1 53. b8=Q h2 54. Qg3+ Kh1 55. Qf3+ Kg1 56. Qf1# 1-0